000 00768nam a22001817a 4500
005 2011121602112.0
020 _a8177143190
_c400.00
082 _a425
100 _aहरिवंश तरुण
_937813
245 _aमानक हिन्दी व्याकरण और रचना /
_cहरिवंश तरुण
246 _bManak Hindi vyakaran aur rachana
_hby Harivansh Tarun
260 _aऩई दिल्ली
_bप्रकाशन संस्थान
_c2011
270 _a4628-B/3, Ansari Road, Dariyaganj
_bNew Delhi
_e110002
300 _a395पृ.
_c22 सेमी ( सजिल्द)
600 _xहिन्दी व्याकरण
_937814
600 _xHindi Grammar
_937815
942 _2ddc
_cHN
_h425
_mहरिवं
999 _c59539
_d59539